A study of digital marketing practices by realtors of ties 2 cities in south India (Record no. 294748)

MARC details
000 -LEADER
fixed length control field 00482nam a2200157Ia 4500
008 - FIXED-LENGTH DATA ELEMENTS--GENERAL INFORMATION
fixed length control field 240126s9999 xx 000 0 und d
041 ## - LANGUAGE CODE
Language code of text/sound track or separate title English
082 ## - DEWEY DECIMAL CLASSIFICATION NUMBER
Classification number PRMBA22-3873
100 ## - MAIN ENTRY--PERSONAL NAME
Personal name Boreddy Likhith Sumanth Pavan Kumar Reddy.
245 #2 - TITLE STATEMENT
Title A study of digital marketing practices by realtors of ties 2 cities in south India
Remainder of title Jessy Nair
260 ## - PUBLICATION, DISTRIBUTION, ETC.
Name of publisher, distributor, etc. PES University
Place of publication, distribution, etc. Bangalore
440 ## - SERIES STATEMENT/ADDED ENTRY--TITLE
Title NULL
650 ## - SUBJECT ADDED ENTRY--TOPICAL TERM
Topical term or geographic name entry element Marketing Management
856 ## - ELECTRONIC LOCATION AND ACCESS
Uniform Resource Identifier <a href="PES1PG20MB064">PES1PG20MB064</a>
942 ## - ADDED ENTRY ELEMENTS (KOHA)
Koha item type Project Reports
Holdings
Date last seen Total checkouts Full call number Accession number Volume/Issue Number Price effective from Category Public note Lost status Damaged status Department Withdrawn status Home library Current library Shelving location Entry date Currency symbol Conversion rate Discount
26/01/2024   PRMBA22-3873 PR3873 (14/07/1905) 26/01/2024 Project Reports Marketing project     MBA   Central Library Central Library Central Library   RS 1  

© For any Suggestions or Query, please contact the library staff @ librarian@pes.edu or Phone: +9180 2672 1983/ 2108.